Smoke on the Water Lyrics - Statistics

General Stats
  • This quiz has been taken 179 times
  • The average score is 18 of 30
Answer Stats
Hint Answer % Correct
____ on the water Smoke
97%
___ on the water Smoke
97%
___ on the water Smoke
97%
The __ in the sky Fire
93%
The __ in the sky Fire
93%
The __ in the sky Fire
93%
We didn't have much ___ Time
81%
When it all was __ Over
75%
Burned the ___ to the ground Place
75%
It died With an ___ sound Awful
67%
They burned down the ____ House Gambling
65%
We had to find _____ place Another
64%
But some ___ with a flare gun Stupid
64%
It seemed like we would lose the __ Race
63%
No matter what we get __ of this Out
62%
On the lake _____ shoreline Geneva
58%
But Frank Zappa and the _____ Mothers
58%
Were at the ___ place around Best
56%
I know we'll never ___ Forget
53%
But ___ time was running out Swiss
49%
To make records with a _____ Mobile
48%
We all came out to _____ Montreux
47%
Pulling __ out the ground Kids
40%
We ended up at the ___ hotel Grand
39%
With a few red ___ few old beds Lights
33%
It was empty cold and __ Bare
31%
___ Claude was running in and out Funky
29%
Making our music ___ There
27%
But with the rolling ___ stones thing just outside Truck
24%
We made a place to ___ Sweat
17%
No matching quizzes found
Score Distribution
Percent of People with Each Score
Percentile by Number Answered
Your Score History
You have not taken this quiz